000 00458cam a2200181ua 4500
020 _c40.00
041 _aeng
_h
082 _a630.33
_bIQB/AG
100 _aIqbal, Badar Alam .
245 _aAgro based industries: Performace and prospects /
_cBadar Alam Iqbal.
_hTextual Documents
250 _a1 /
_b.
260 _aAligarh :
_bPrintwell ,
_c1981.
300 _a120 ; .
365 _a40.00
504 _a
942 _cBK
999 _c7331
_d7331